000
00258nam a2200109Ia 4500
008
220204s9999 xx 000 0 und d
082
_b
GER
245
0
_a
Libraries in society
260
_a
London
_b
Clive Bingley
_c
1978
700
_a
Gerard, David
942
_c
BK
999
_c
33258
_d
33258